000 00478nam a2200169 i 4500
001 55776
003 ES-MaACL
005 20230906163222.0
007 t|
008 030926s1966 sp ||||1| spa d
100 1 _aDexeus Font, Santiago.
_944049
245 1 3 _aLa celioscopia en ginecología /
_cS. Dexeus, F.J. Fontané.
260 _a[Barcelona :
_bSandoz,
_c1966]
300 _a22 h. ;
_c24 cm.
700 1 _aFontané, F. J.
_951609
852 _aES-MaACL
_j2047-F-1
_bR.59872
999 _c55776
_d55776